000 00485nam a2200157Ia 4500
008 090124s9999 xx 000 0 und d
082 _b36002
245 _a खुळखुळणारी हाडे
250 _a1
260 _bस्वप्न प्रकाशन
_c1999
300 _a216
630 _a खुळखुळणारी हाडे
700 _aभावे अपर्णा
730 _a खुळखुळणारी हाडे
942 _cBOOK
999 _c101998
_d101998